000 00493cam a2200145 4500500
005 20251012010518.0
041 _afre
042 _adc
100 1 0 _aCerf, Juliette
_eauthor
245 0 0 _aPhilosophie du dandysme : Une esthétique de l’âme et du corps
260 _c2008.
500 _a85
786 0 _nPhilosophie magazine | 18 | 4 | 2008-04-01 | p. 38-38 | 1951-1787
856 4 1 _uhttps://shs.cairn.info/magazine-philosophie-magazine-2008-4-page-38?lang=fr&redirect-ssocas=7080
999 _c1519531
_d1519531